Giáo trình tâm lý học quản lý
Những vấn đề chung của tâm lý học quản lý, hoạt động quản lý, chủ thể hoạt động quản lý, cá nhân và nhóm với tư cách là khách thể quản lý, giao tiếp trong hoạt động quản lý.
Đã lưu trong:
| Príomhúdar: | |
|---|---|
| Formáid: | Leabhar |
| Teanga: | Undetermined |
| Foilsithe: |
Hà Nội
Đại học Quốc gia Hà Nội
2017
|
| Ábhair: | |
| Clibeanna: |
Cuir Clib Leis
Gan Chlibeanna, Bí ar an gcéad duine leis an taifead seo a chlibeáil!
|
| Thư viện lưu trữ: | Trung tâm Học liệu Trường Đại học Cần Thơ |
|---|
| LEADER | 00985nam a2200217Ia 4500 | ||
|---|---|---|---|
| 001 | CTU_231099 | ||
| 008 | 210402s9999 xx 000 0 und d | ||
| 020 | |c 69500 | ||
| 082 | |a 158.7 | ||
| 082 | |b Th500 | ||
| 100 | |a Nguyễn, Hữu Thụ | ||
| 245 | 0 | |a Giáo trình tâm lý học quản lý | |
| 245 | 0 | |c Nguyễn Hữu Thụ (chủ biên) | |
| 260 | |a Hà Nội | ||
| 260 | |b Đại học Quốc gia Hà Nội | ||
| 260 | |c 2017 | ||
| 520 | |a Những vấn đề chung của tâm lý học quản lý, hoạt động quản lý, chủ thể hoạt động quản lý, cá nhân và nhóm với tư cách là khách thể quản lý, giao tiếp trong hoạt động quản lý. | ||
| 650 | |a Quản lý,Tâm lý học, công nghiệp,Management,Psychology, Industrial | ||
| 650 | |x Khía cạnh tâm lý,Psychological aspects | ||
| 910 | |b vtbtruc | ||
| 980 | |a Trung tâm Học liệu Trường Đại học Cần Thơ | ||